000 005120000a22001810004500
003 MACL
005 20160319145913.0
008 160319b xxu||||| |||| 00| 0 eng d
040 _aMACL
_cMACL
041 _aHindi
082 _a891.431
100 _aगुप्‍त श्रीमैथिलीशरण
_942643
245 _aश्रीराम अजित
260 _bसाहित्‍य सदन
_aझॉसी
350 _a1
650 _aPoetry
_947432
942 _cHIN
_k891.431
_2ddc
999 _c24176
_d24176